[Event "European Youth Chess Championship B14"]
[Site "Prague, Top Hotel Prague"]
[Date "2016.08.26"]
[Round "8.68"]
[White "Manca, Luigi"]
[Black "Apergis, Iosif"]
[Result "1/2-1/2"]
[WhiteElo "1608"]
[BlackElo "1203"]
[PlyCount "80"]
[EventDate "2016.08.18"]

1. d4 d5 2. Nf3 Nf6 3. e3 e6 4. c4 c6 5. a3 Be7 6. Nc3 O-O 7. Qc2 dxc4 8. Bxc4
c5 9. O-O cxd4 10. exd4 Nc6 11. Rd1 a6 12. Bg5 b5 13. Ba2 Qb6 14. h3 Rd8 15.
Be3 Qc7 16. Ne2 Bb7 17. Ne5 Rac8 18. Nxc6 Qxc6 19. Qxc6 Bxc6 20. Nf4 Nd5 21.
Nxd5 Bxd5 22. Bxd5 Rxd5 23. Rd2 Bf6 24. Rad1 Rcd8 25. Kf1 e5 26. dxe5 Rxd2 27.
Rxd2 Rxd2 28. Bxd2 Bxe5 29. Bc3 Bxc3 30. bxc3 Kf8 31. Ke2 Ke7 32. Ke3 Kd6 33.
Kd4 Kc6 34. c4 Kd6 35. cxb5 axb5 36. f4 f5 37. g4 g6 38. g5 Kc6 39. Kc3 Kc5 40.
h4 Kd5 1/2-1/2

[Event "European Youth Chess Championship B14"]
[Site "Prague, Top Hotel Prague"]
[Date "2016.08.26"]
[Round "8.69"]
[White "Djian, Lenny"]
[Black "Antonioudakis, Dimitrios"]
[Result "1/2-1/2"]
[WhiteElo "1503"]
[BlackElo "1187"]
[PlyCount "31"]
[EventDate "2016.08.18"]

1. d4 Nf6 2. c4 e6 3. Nc3 Bb4 4. Qc2 b6 5. a3 Be7 6. e3 Bb7 7. Qd1 O-O 8. Nf3
c5 9. Be2 cxd4 10. exd4 d5 11. cxd5 Nxd5 12. Nxd5 Bxd5 13. O-O Nc6 14. Be3 Rc8
15. Qd2 Qd7 16. Ne5 1/2-1/2

[Event "European Youth Chess Championship B14"]
[Site "Prague, Top Hotel Prague"]
[Date "2016.08.27"]
[Round "9.1"]
[White "Zarubitski, Viachaslau"]
[Black "Guerra Rivera, Salvador"]
[Result "0-1"]
[WhiteElo "2300"]
[BlackElo "2285"]
[PlyCount "60"]
[EventDate "2016.08.18"]

1. e4 e6 2. d4 d5 3. Nc3 Bb4 4. e5 c5 5. a3 Ba5 6. b4 cxd4 7. Nb5 Bc7 8. f4 Bd7
9. Nf3 Bxb5 10. Bxb5+ Nc6 11. O-O Nge7 12. Nxd4 Bb6 13. Kh1 a6 14. Nxc6 bxc6
15. Bd3 O-O 16. Bb2 c5 17. c4 cxb4 18. axb4 dxc4 19. Bxc4 Nf5 20. Qxd8 Rfxd8
21. Rxa6 Rxa6 22. Bxa6 Ne3 23. Rb1 Rd2 24. Bc3 Rxg2 25. Be1 Ra2 26. Bb7 h5 27.
Bf3 Ng4 28. Bg3 Nf2+ 29. Kg2 Ne4+ 30. Kh3 Nd2 0-1

[Event "European Youth Chess Championship B14"]
[Site "Prague, Top Hotel Prague"]
[Date "2016.08.27"]
[Round "9.2"]
[White "Matviishen, Viktor"]
[Black "Lomasov, Semen"]
[Result "1/2-1/2"]
[WhiteElo "2405"]
[BlackElo "2383"]
[PlyCount "168"]
[EventDate "2016.08.18"]

1. Nf3 Nf6 2. c4 c5 3. Nc3 e6 4. d4 cxd4 5. Nxd4 Bb4 6. Bd2 Nc6 7. Nc2 Be7 8.
e4 O-O 9. Be2 d5 10. cxd5 exd5 11. exd5 Nxd5 12. O-O Bf6 13. Nxd5 Qxd5 14. Nb4
Qd6 15. Nxc6 Qxc6 16. Rc1 Qb6 17. b3 Rd8 18. Qe1 Re8 19. Be3 Bd4 20. Bxd4 Qxd4
21. Qd1 Qb6 22. Bc4 Be6 23. Bxe6 Rxe6 24. Qd7 Rd6 25. Rc8+ Rxc8 26. Qxc8+ Rd8
27. Qf5 g6 28. Qe4 Rd2 29. Qe8+ Kg7 30. Qe5+ Qf6 31. Qb8 Rxa2 32. Qxb7 Qd4 33.
Qf3 Ra3 34. h3 a5 35. Rd1 Qb2 36. Rd7 Qxb3 37. Qxb3 Rxb3 38. Ra7 Ra3 39. Ra6 g5
40. g4 f6 41. Kg2 Kg6 42. Ra7 h5 43. Kh2 a4 44. Kg2 Ra2 45. Kg1 Ra1+ 46. Kg2
Ra3 47. Kh2 Rf3 48. gxh5+ Kxh5 49. Rxa4 Rxf2+ 50. Kg3 Rb2 51. Ra8 Rb3+ 52. Kg2
Kg6 53. Ra5 Re3 54. Rb5 Re6 55. Kg3 Ra6 56. Rc5 f5 57. Rc8 Ra3+ 58. Kg2 Kf6 59.
Rc5 Re3 60. Rb5 f4 61. Ra5 Kg6 62. Ra8 Kf5 63. Ra5+ Re5 64. Ra2 Rd5 65. Re2 Rd3
66. Re8 Rg3+ 67. Kh2 Re3 68. Rg8 Re2+ 69. Kg1 f3 70. Ra8 Kf4 71. Ra4+ Kg3 72.
Rg4+ Kxh3 73. Rxg5 Rg2+ 74. Kh1 Rg4 75. Rf5 Kg3 76. Kg1 Rb4 77. Rg5+ Kf4 78.
Rg8 Ke3 79. Re8+ Re4 80. Rxe4+ Kxe4 81. Kf2 Kf4 82. Kf1 Kg3 83. Kg1 f2+ 84. Kf1
Kf3 1/2-1/2

[Event "European Youth Chess Championship B14"]
[Site "Prague, Top Hotel Prague"]
[Date "2016.08.27"]
[Round "9.3"]
[White "Esipenko, Andrey"]
[Black "Shubin, Kirill"]
[Result "1-0"]
[WhiteElo "2490"]
[BlackElo "2298"]
[PlyCount "71"]
[EventDate "2016.08.18"]

1. d4 Nf6 2. c4 e6 3. Nf3 c5 4. d5 d6 5. Nc3 exd5 6. cxd5 a6 7. a4 g6 8. Nd2
Nbd7 9. e4 Bg7 10. Be2 O-O 11. O-O Re8 12. f4 c4 13. Kh1 Nc5 14. e5 dxe5 15.
fxe5 Rxe5 16. Nxc4 Re8 17. Bg5 h6 18. Bf4 Nfe4 19. Nxe4 Nxe4 20. Bf3 Bf5 21. d6
Bd7 22. Nd2 Nc5 23. Bd5 Be6 24. Nf3 g5 25. Bg3 Bxd5 26. Qxd5 Ne4 27. Be5 Nf6
28. Bxf6 Qxf6 29. Rad1 Qe6 30. Qxb7 Reb8 31. Qc7 Rc8 32. Qa5 Rd8 33. Rfe1 Qf6
34. d7 g4 35. Ne5 Qe6 36. Qc7 1-0

[Event "European Youth Chess Championship B14"]
[Site "Prague, Top Hotel Prague"]
[Date "2016.08.27"]
[Round "9.4"]
[White "Kozak, Adam"]
[Black "Vrolijk, Liam"]
[Result "1/2-1/2"]
[WhiteElo "2376"]
[BlackElo "2221"]
[PlyCount "77"]
[EventDate "2016.08.18"]

1. c4 Nf6 2. Nf3 g6 3. Nc3 Bg7 4. e4 d6 5. d4 O-O 6. Be2 e5 7. O-O Nc6 8. d5
Ne7 9. Ne1 Nd7 10. Be3 f5 11. f3 f4 12. Bf2 g5 13. Rc1 Ng6 14. c5 Nxc5 15. b4
Na6 16. Nb5 Rf7 17. Nxa7 Bd7 18. Bxa6 bxa6 19. Qc2 Qf6 20. Kh1 h5 21. Qe2 g4
22. Rxc7 g3 23. Bg1 Qd8 24. Rb7 gxh2 25. Bb6 Qg5 26. Nc6 h4 27. Qd2 Bf6 28. Bf2
Qh5 29. a4 Raf8 30. b5 axb5 31. axb5 h3 32. Qe2 Qg5 33. Ra7 Rg7 34. b6 Ne7 35.
Bh4 Qxh4 36. Rxd7 hxg2+ 37. Nxg2 Qh3 38. Rxd6 Kh7 39. Rd8 1/2-1/2

[Event "European Youth Chess Championship B14"]
[Site "Prague, Top Hotel Prague"]
[Date "2016.08.27"]
[Round "9.5"]
[White "Pultorak, Jan"]
[Black "Baenziger, Fabian"]
[Result "1/2-1/2"]
[WhiteElo "2296"]
[BlackElo "2325"]
[PlyCount "84"]
[EventDate "2016.08.18"]

1. d4 Nf6 2. Nf3 e6 3. c4 d5 4. e3 Be7 5. Bd3 O-O 6. O-O Nbd7 7. Nc3 b6 8. b3
Bb7 9. Bb2 dxc4 10. bxc4 c5 11. Qe2 Rc8 12. Rfd1 Qc7 13. Rac1 Rfd8 14. a4 a6
15. d5 exd5 16. Nxd5 Nxd5 17. cxd5 Bxd5 18. Bxa6 Bb7 19. Bb5 Bd6 20. Kh1 Ne5
21. Rxd6 Qxd6 22. Nxe5 Qd2 23. Re1 f6 24. Bc4+ Kf8 25. Qxd2 Rxd2 26. Bc3 Rd6
27. Nd3 Bd5 28. Nb2 Bxc4 29. Nxc4 Rd3 30. Nxb6 Rc6 31. a5 Rxc3 32. Ra1 Rb3 33.
g3 Ke8 34. Kg2 Rc7 35. Kf3 f5 36. a6 Ra7 37. Nc8 Ra8 38. Nd6+ Kd7 39. Nxf5 g6
40. Nh6 Rb6 41. a7 Kc7 42. Ng4 h5 1/2-1/2

[Event "European Youth Chess Championship B14"]
[Site "Prague, Top Hotel Prague"]
[Date "2016.08.27"]
[Round "9.6"]
[White "Sargsyan, Shant"]
[Black "Gorshtein, Ido"]
[Result "1-0"]
[WhiteElo "2441"]
[BlackElo "2008"]
[PlyCount "81"]
[EventDate "2016.08.18"]

1. e4 c6 2. d4 d5 3. Nd2 dxe4 4. Nxe4 Nd7 5. Ng5 h6 6. Ne6 Qb6 7. Nxf8 Nxf8 8.
c3 Bf5 9. Nf3 e6 10. Be2 Nf6 11. Qb3 N8d7 12. Qa3 Bg4 13. O-O Qc7 14. Re1 Bxf3
15. Bxf3 Nb6 16. b3 Nbd5 17. c4 Ne7 18. g3 O-O 19. Bf4 Qd7 20. Be5 Ng6 21. Rad1
Rfe8 22. h4 Nh7 23. Be4 Nhf8 24. h5 Nxe5 25. dxe5 Qe7 26. Rd6 Red8 27. Red1
Rxd6 28. exd6 Qd7 29. Qa5 b6 30. Qa6 f5 31. Bg2 Rc8 32. c5 bxc5 33. Qa5 Nh7 34.
Qxc5 Nf6 35. a4 Nd5 36. a5 Kf7 37. a6 Rb8 38. Rc1 Rb6 39. Bxd5 exd5 40. Re1 Rb5
41. Qa3 1-0

[Event "European Youth Chess Championship B14"]
[Site "Prague, Top Hotel Prague"]
[Date "2016.08.27"]
[Round "9.7"]
[White "Teclaf, Pawel"]
[Black "Engel, Luis"]
[Result "1-0"]
[WhiteElo "2247"]
[BlackElo "2383"]
[PlyCount "83"]
[EventDate "2016.08.18"]

1. e4 g6 2. d4 Bg7 3. Nc3 d6 4. Be3 a6 5. Qd2 Nd7 6. h4 h6 7. f4 b5 8. e5 Nb6
9. h5 g5 10. fxg5 dxe5 11. O-O-O exd4 12. Nf3 c5 13. Bf4 Bf5 14. Qe1 Nd5 15.
Be5 f6 16. gxf6 Ngxf6 17. Nxd5 Qxd5 18. Kb1 O-O 19. Bd3 Be6 20. b3 Rac8 21. Rh4
Kh8 22. Bg6 b4 23. Bd3 Qd7 24. Bg3 Ng4 25. Rxg4 Bxg4 26. Ne5 Bxe5 27. Bxe5+ Rf6
28. Qe4 Kg8 29. Qh7+ Kf8 30. Bg6 Qe6 31. Qxh6+ Kg8 32. Qh7+ Kf8 33. Qh6+ Kg8
34. Qh7+ Kf8 35. Bxf6 Qxf6 36. Re1 c4 37. Qh6+ Kg8 38. Qh7+ Kf8 39. bxc4 Rc7
40. Bd3 Qg5 41. Qh8+ Kf7 42. Bg6+ 1-0

[Event "European Youth Chess Championship B14"]
[Site "Prague, Top Hotel Prague"]
[Date "2016.08.27"]
[Round "9.8"]
[White "Keinanen, Toivo"]
[Black "Petkov, Matey"]
[Result "1/2-1/2"]
[WhiteElo "2337"]
[BlackElo "2072"]
[PlyCount "132"]
[EventDate "2016.08.18"]

1. c4 e5 2. Nc3 Nf6 3. Nf3 Nc6 4. g3 d5 5. cxd5 Nxd5 6. Bg2 Nb6 7. O-O Be7 8.
a3 O-O 9. b4 Re8 10. d3 Bf8 11. Bb2 a5 12. b5 Nd4 13. Nd2 c6 14. a4 cxb5 15.
Nxb5 Nxb5 16. axb5 Ra7 17. Nc4 Nxc4 18. dxc4 Qc7 19. Qb3 b6 20. Rfd1 Bc5 21.
Bc6 Rf8 22. Ba3 Bxa3 23. Qxa3 Bg4 24. c5 g6 25. Rd2 Rb8 26. Rad1 a4 27. Qb4 Be6
28. Ra1 Qe7 29. Rd6 Bb3 30. cxb6 Rxb6 31. Qc5 Rb8 32. b6 Rxb6 33. Qxb6 Qxd6 34.
Qxa7 Qxc6 35. Qb8+ Kg7 36. Qxe5+ Kg8 37. Qb8+ Kg7 38. Qe5+ Kg8 39. Qb2 h5 40.
Rc1 Qe6 41. e3 Bd5 42. Qd4 a3 43. Rb1 Bb3 44. Rc1 a2 45. Rc7 Bd5 46. Rc1 Bf3
47. Qf4 Be4 48. Rd1 Qd5 49. Rc1 Kg7 50. Ra1 Qd3 51. Qe5+ f6 52. Qe7+ Kh6 53.
Qf8+ Kg5 54. h4+ Kf5 55. Qc5+ Kg4 56. Qc7 Kh3 57. Qc8+ f5 58. Qc1 Qb1 59. Qf1+
Qxf1+ 60. Kxf1 Bb1 61. Kg1 Kg4 62. Kg2 Be4+ 63. Kh2 Bb1 64. Kg2 Be4+ 65. f3+
Bxf3+ 66. Kh2 Bd5 1/2-1/2

[Event "European Youth Chess Championship B14"]
[Site "Prague, Top Hotel Prague"]
[Date "2016.08.27"]
[Round "9.9"]
[White "Henderson, De La Fuente Lance"]
[Black "Globus, Or"]
[Result "1-0"]
[WhiteElo "2306"]
[BlackElo "2165"]
[PlyCount "107"]
[EventDate "2016.08.18"]

1. e4 c5 2. Nf3 e6 3. d4 cxd4 4. Nxd4 a6 5. Nc3 b5 6. g3 b4 7. Na4 Bb7 8. Bg2
Nf6 9. Qe2 Qa5 10. b3 Nc6 11. Nf3 Be7 12. O-O O-O 13. Bb2 Rac8 14. c4 bxc3 15.
Bxc3 Qb5 16. Rfe1 d5 17. Qxb5 axb5 18. Nb6 Rcd8 19. exd5 exd5 20. Rad1 d4 21.
Nxd4 Nxd4 22. Rxd4 Bxg2 23. Rxe7 Rxd4 24. Bxd4 Bc6 25. Bxf6 gxf6 26. Rc7 Bf3
27. a4 bxa4 28. bxa4 Rd8 29. Rc1 Rd2 30. Ra1 Rc2 31. a5 Rc6 32. Nd7 Rc7 33.
Nxf6+ Kh8 34. a6 Ba8 35. a7 Re7 36. Ng4 Kg7 37. Ne3 Kf6 38. Nc4 Re6 39. f3 Rc6
40. Ra4 Ke7 41. Kf2 Re6 42. Ne3 Rb6 43. g4 Rb3 44. Nf5+ Kd7 45. Nd4 Rc3 46. Kg3
Rd3 47. Kf4 Kd6 48. Nf5+ Ke6 49. Ne3 Kd7 50. h4 Ke7 51. h5 Kd7 52. Nf5 Rxf3+
53. Kg5 Ke6 54. Nd4+ 1-0

[Event "European Youth Chess Championship B14"]
[Site "Prague, Top Hotel Prague"]
[Date "2016.08.27"]
[Round "9.10"]
[White "Nesterov, Arseniy"]
[Black "Salemgareev, Tagir"]
[Result "1-0"]
[WhiteElo "2216"]
[BlackElo "2293"]
[PlyCount "101"]
[EventDate "2016.08.18"]

1. d4 Nf6 2. Bg5 e6 3. e4 h6 4. Bxf6 Qxf6 5. c3 d6 6. Nd2 Nd7 7. Bd3 e5 8. Ne2
Qd8 9. O-O Be7 10. f4 O-O 11. Nf3 c6 12. Kh1 Qc7 13. Qe1 Qb6 14. Rb1 Qa5 15. a3
exd4 16. b4 Qc7 17. cxd4 Nb6 18. f5 Re8 19. Qg3 Nd7 20. Nf4 Bf8 21. Nh5 Kh8 22.
Nh4 Nf6 23. Nxf6 gxf6 24. Rf4 Bg7 25. Rg4 Rg8 26. Nf3 Bd7 27. Bc4 Raf8 28. Ba2
Qb8 29. d5 c5 30. bxc5 dxc5 31. d6 b5 32. Bd5 Qb6 33. Qf4 Kh7 34. Ng1 Qa5 35.
Ne2 Qxa3 36. Ng3 Qc3 37. Nh5 b4 38. Rc1 Qd4 39. Qg3 Bh8 40. Bxf7 Rg5 41. Bg6+
Kg8 42. h4 Rc8 43. hxg5 fxg5 44. e5 Qb2 45. Re1 Bc6 46. Qd3 Qa2 47. d7 Rd8 48.
e6 Qf2 49. Bf7+ Kh7 50. f6+ Qf5 51. Qxf5# 1-0

[Event "European Youth Chess Championship B14"]
[Site "Prague, Top Hotel Prague"]
[Date "2016.08.27"]
[Round "9.11"]
[White "Mis, Mieszko"]
[Black "Olsen, Filip Boe"]
[Result "1/2-1/2"]
[WhiteElo "2041"]
[BlackElo "2260"]
[PlyCount "77"]
[EventDate "2016.08.18"]

1. d4 d5 2. c4 c6 3. cxd5 cxd5 4. Nc3 Nf6 5. Bf4 Nc6 6. e3 e6 7. Bd3 Bd6 8.
Bxd6 Qxd6 9. Nf3 O-O 10. O-O Bd7 11. Rc1 a6 12. Na4 Nb4 13. Bb1 Rfc8 14. Rxc8+
Rxc8 15. a3 Bb5 16. Re1 Nc6 17. Nc3 Na5 18. Nxb5 axb5 19. Bd3 Nc4 20. Qb3 Qa6
21. Qb4 Qa4 22. Qe7 Qb3 23. Bb1 Qxb2 24. Ng5 Nxa3 25. Qxf7+ Kh8 26. Qxe6 Rf8
27. Bf5 Qc3 28. Rd1 Qc7 29. e4 Re8 30. Nf7+ Kg8 31. Qd6 Qxf7 32. Qxa3 dxe4 33.
d5 Nxd5 34. Qb3 e3 35. fxe3 Nxe3 36. Bxh7+ Kf8 37. Qb4+ Qe7 38. Qf4+ Qf7 39.
Qb4+ 1/2-1/2

[Event "European Youth Chess Championship B14"]
[Site "Prague, Top Hotel Prague"]
[Date "2016.08.27"]
[Round "9.12"]
[White "Mnatsakanian, Arsen"]
[Black "Davtyan, Artur"]
[Result "0-1"]
[WhiteElo "2195"]
[BlackElo "2304"]
[PlyCount "56"]
[EventDate "2016.08.18"]

1. e4 c5 2. Nf3 e6 3. c3 Nf6 4. d3 Nc6 5. Be3 Qc7 6. Nbd2 d5 7. exd5 Nxd5 8.
Be2 Be7 9. d4 O-O 10. O-O e5 11. Nb3 cxd4 12. cxd4 e4 13. Nfd2 f5 14. Bc4 Be6
15. Nc5 Bxc5 16. dxc5 f4 17. Nb3 Rad8 18. Nd4 Nxd4 19. Bxd4 f3 20. g3 Nf4 21.
Bxe6+ Nxe6 22. Qb3 Qf7 23. Bc3 e3 24. Rfd1 e2 25. Rd6 Nxc5 26. Qxf7+ Kxf7 27.
Rd4 Rxd4 28. Bxd4 Rd8 0-1

[Event "European Youth Chess Championship B14"]
[Site "Prague, Top Hotel Prague"]
[Date "2016.08.27"]
[Round "9.13"]
[White "Amon, Nejc"]
[Black "Sonis, Francesco"]
[Result "1/2-1/2"]
[WhiteElo "2138"]
[BlackElo "2427"]
[PlyCount "89"]
[EventDate "2016.08.18"]

1. e4 c5 2. c3 d5 3. exd5 Qxd5 4. d4 Nc6 5. Nf3 g6 6. Na3 cxd4 7. Nb5 Qd8 8.
Bf4 Bg7 9. Nc7+ Kf8 10. Nxa8 e5 11. Bg3 Bf5 12. Bb5 Nge7 13. O-O Qxa8 14. Re1
dxc3 15. bxc3 e4 16. Bxc6 Nxc6 17. Qd6+ Kg8 18. Nd4 Qd8 19. Nxf5 gxf5 20. Qxd8+
Nxd8 21. Red1 Ne6 22. Rd7 Bf6 23. Bb8 b5 24. Rc1 a6 25. Ra7 Nc5 26. Bd6 Nd3 27.
Rc2 Kg7 28. Rxa6 Rd8 29. h3 Ne5 30. Bxe5 Rd1+ 31. Kh2 Bxe5+ 32. g3 f4 33. gxf4
Bxf4+ 34. Kg2 Rd5 35. a4 Bc7 36. axb5 Rxb5 37. Rc6 Bb6 38. c4 Rg5+ 39. Kf1 Bc5
40. Rd2 Rf5 41. Re2 e3 42. Rxc5 Rxc5 43. Rxe3 Rxc4 44. Kg2 f5 45. Re6 1/2-1/2

[Event "European Youth Chess Championship B14"]
[Site "Prague, Top Hotel Prague"]
[Date "2016.08.27"]
[Round "9.14"]
[White "Gavrilescu, David"]
[Black "Kalavannan, Koby"]
[Result "1-0"]
[WhiteElo "2285"]
[BlackElo "2146"]
[PlyCount "75"]
[EventDate "2016.08.18"]

1. e4 c5 2. b3 g6 3. Bb2 Nf6 4. g3 Bg7 5. Bg2 O-O 6. Ne2 Nc6 7. O-O d6 8. d4
cxd4 9. Nxd4 Qb6 10. Nxc6 bxc6 11. c4 Be6 12. Nc3 a5 13. Qd2 Nd7 14. Rab1 Rfb8
15. Na4 Qb4 16. Qg5 Bxc4 17. bxc4 Qxa4 18. Bxg7 Kxg7 19. Rxb8 f6 20. Qg4 Nxb8
21. Rb1 Qxa2 22. Rb7 Kf7 23. Qc8 Qxc4 24. Qh8 Qe6 25. Bf1 d5 26. Bd3 Nd7 27.
Qxh7+ Ke8 28. exd5 Qe1+ 29. Kg2 Nf8 30. Qg8 f5 31. d6 Qe6 32. Rxe7+ Qxe7 33.
dxe7 Kxe7 34. Bc4 a4 35. Qf7+ Kd6 36. Qb7 Rd8 37. Qb4+ c5 38. Qxa4 1-0

[Event "European Youth Chess Championship B14"]
[Site "Prague, Top Hotel Prague"]
[Date "2016.08.27"]
[Round "9.15"]
[White "Tomasi, Albert"]
[Black "Levitskiy, Andrey"]
[Result "1/2-1/2"]
[WhiteElo "2276"]
[BlackElo "2101"]
[PlyCount "124"]
[EventDate "2016.08.18"]

1. e4 c5 2. Nf3 Nc6 3. d4 cxd4 4. Nxd4 g6 5. c4 Bg7 6. Be3 Nf6 7. Nc3 Ng4 8.
Qxg4 Nxd4 9. Qd1 Ne6 10. Qd2 Qa5 11. Be2 Bxc3 12. bxc3 b6 13. Rd1 Qa4 14. f4
Bb7 15. f5 Nc5 16. fxg6 hxg6 17. Bxc5 bxc5 18. O-O f6 19. e5 f5 20. Qg5 Qa6 21.
g4 Qe6 22. Qe3 d6 23. Bf3 O-O-O 24. Rb1 Rd7 25. Bxb7+ Rxb7 26. Qf3 Qd7 27. e6
Qc7 28. gxf5 gxf5 29. Qxf5 Rg8+ 30. Kh1 Rxb1 31. Rxb1 Qc6+ 32. Qd5 Kc7 33. Rf1
Rg6 34. Rf8 Qb7 35. Qxb7+ Kxb7 36. h4 Rxe6 37. Kg2 Re4 38. Kg3 Rxc4 39. Rf3 Re4
40. h5 Kc6 41. Rf4 Re6 42. Kg4 Rh6 43. Kg5 Rh8 44. Rf7 a5 45. Rxe7 Kd5 46. Rd7
Kc4 47. Rxd6 Kxc3 48. Rc6 c4 49. Rb6 Kd2 50. Ra6 c3 51. Rxa5 c2 52. Rd5+ Ke2
53. Rc5 Kd2 54. h6 c1=Q 55. Rxc1 Kxc1 56. a4 Kb2 57. Kg6 Kb3 58. a5 Kb4 59. a6
Ra8 60. h7 Rxa6+ 61. Kg7 Ra7+ 62. Kg8 Rxh7 1/2-1/2

[Event "European Youth Chess Championship B14"]
[Site "Prague, Top Hotel Prague"]
[Date "2016.08.27"]
[Round "9.16"]
[White "Vlachos, Anatole"]
[Black "Karayev, Kanan"]
[Result "0-1"]
[WhiteElo "2160"]
[BlackElo "2275"]
[PlyCount "50"]
[EventDate "2016.08.18"]

1. e4 g6 2. d4 Bg7 3. Nc3 d6 4. g3 Nc6 5. Be3 e5 6. dxe5 Nxe5 7. f4 Bg4 8. Bb5+
c6 9. Be2 Nc4 10. Bd4 Bxe2 11. Ngxe2 Nxb2 12. Bxg7 Nxd1 13. Rxd1 Qe7 14. e5 d5
15. Bxh8 Nh6 16. Rd3 Nf5 17. Kf2 Qc5+ 18. Kf3 b5 19. g4 Nh4+ 20. Kg3 b4 21.
Kxh4 Qf2+ 22. Ng3 bxc3 23. Rxc3 Qxf4 24. Rxc6 Qh6+ 25. Nh5 g5+ 0-1

[Event "European Youth Chess Championship B14"]
[Site "Prague, Top Hotel Prague"]
[Date "2016.08.27"]
[Round "9.17"]
[White "Sahidi, Samir"]
[Black "Nowak, Mikolaj"]
[Result "1/2-1/2"]
[WhiteElo "2225"]
[BlackElo "2123"]
[PlyCount "115"]
[EventDate "2016.08.18"]

1. e4 e5 2. Nf3 Nc6 3. Bb5 a6 4. Bxc6 dxc6 5. d3 Bd6 6. O-O Ne7 7. Nbd2 O-O 8.
Nc4 Ng6 9. Ne3 Be6 10. b3 c5 11. Bb2 f6 12. a4 Qd7 13. a5 b5 14. axb6 cxb6 15.
Nd2 b5 16. c4 a5 17. cxb5 Qxb5 18. Ndc4 Bc7 19. Bc3 Rfd8 20. Qc2 Rd7 21. g3 Ne7
22. Ra3 Nc6 23. Rfa1 g6 24. Qe2 Rad8 25. Rd1 Nd4 26. Bxd4 cxd4 27. Nf1 Bd6 28.
Nxd6 Rxd6 29. Nd2 Ra6 30. Rda1 Rda8 31. Nc4 a4 32. bxa4 Rxa4 33. Rxa4 Rxa4 34.
Rxa4 Qxa4 35. Nb2 Qb3 36. Kg2 h5 37. h4 Kg7 38. Nd1 Bd7 39. f3 Bb5 40. Nf2 Qb1
41. g4 hxg4 42. fxg4 Bd7 43. Qd2 Qb7 44. Kg3 Qc7 45. h5 gxh5 46. gxh5 Be6 47.
Ng4 Bxg4 48. Kxg4 Qd7+ 49. Kh4 Qe7 50. Qg2+ Kh8 51. Kh3 Qh7 52. Qg4 Qh6 53. Kh4
Qd2 54. Qc8+ Kg7 55. Qg4+ Kh8 56. Qc8+ Kg7 57. Qg4+ Kh8 58. Qc8+ 1/2-1/2

[Event "European Youth Chess Championship B14"]
[Site "Prague, Top Hotel Prague"]
[Date "2016.08.27"]
[Round "9.18"]
[White "Sahin, Doga Boran"]
[Black "Vestby-Ellingsen, Mads"]
[Result "1/2-1/2"]
[WhiteElo "2107"]
[BlackElo "2184"]
[PlyCount "105"]
[EventDate "2016.08.18"]

1. e4 e5 2. Nf3 Nc6 3. Bb5 a6 4. Ba4 Nf6 5. O-O Be7 6. Re1 b5 7. Bb3 d6 8. c3
O-O 9. h3 Nb8 10. d4 Nbd7 11. Nbd2 Bb7 12. Bc2 Re8 13. Nf1 Bf8 14. Ng3 g6 15.
Bg5 h6 16. Bd2 Bg7 17. a4 Nb6 18. axb5 axb5 19. Rxa8 Qxa8 20. d5 c6 21. dxc6
Bxc6 22. b3 d5 23. Qe2 dxe4 24. Nxe4 Nxe4 25. Bxe4 f5 26. Bxc6 Qxc6 27. Nd4 Qd5
28. Qxb5 Rb8 29. Qxd5+ Nxd5 30. Ne6 Rxb3 31. c4 Nf6 32. Nxg7 Kxg7 33. Rxe5 Ne4
34. Be3 Kf7 35. c5 Rc3 36. Kh2 Rc4 37. f3 Nf6 38. Bxh6 Nd7 39. Rd5 Nxc5 40. Bg5
Ne6 41. Rd7+ Kg8 42. Bf6 Rc7 43. Rd6 Kf7 44. Be5 Rb7 45. f4 Ke7 46. Ra6 Rd7 47.
h4 Kf7 48. Kh3 Rd3+ 49. g3 Rd1 50. Ra8 Rb1 51. Ra3 Nc5 52. Rc3 Ne4 53. Rc7+
1/2-1/2

[Event "European Youth Chess Championship B14"]
[Site "Prague, Top Hotel Prague"]
[Date "2016.08.27"]
[Round "9.20"]
[White "Bango, Lukas"]
[Black "Martinovici, Ilie"]
[Result "1-0"]
[WhiteElo "2058"]
[BlackElo "2170"]
[PlyCount "146"]
[EventDate "2016.08.18"]

1. e4 c5 2. Nf3 d6 3. c3 Nf6 4. Be2 Nc6 5. d4 cxd4 6. cxd4 Nxe4 7. d5 Qa5+ 8.
Nc3 Nxc3 9. bxc3 Nb8 10. O-O Nd7 11. Re1 Nf6 12. Rb1 Bd7 13. c4 b6 14. Bd3 h5
15. Qe2 h4 16. Nd4 Qc5 17. Be3 Qc8 18. Bf4 Kd8 19. h3 Rh5 20. Rbc1 g5 21. c5
dxc5 22. Ba6 Qxa6 23. Qxa6 gxf4 24. Qb7 Rc8 25. Nc6+ Bxc6 26. dxc6 Rd5 27. Rcd1
Rc7 28. Qb8+ Rc8 29. Qe5 Rxd1 30. Rxd1+ Ke8 31. Qxf4 Bg7 32. Qd2 e6 33. c7 Nd5
34. Qg5 Bf8 35. Qxh4 Rxc7 36. Qe4 Be7 37. Qe5 Rc8 38. Qh8+ Bf8 39. Qb2 a6 40.
Qe2 Be7 41. Qxa6 Rc7 42. Qa8+ Kd7 43. Qg8 c4 44. Qxf7 c3 45. Re1 Rc6 46. f4 c2
47. f5 c1=Q 48. Qxe6+ Rxe6 49. fxe6+ Kd6 50. Rxc1 Kxe6 51. Re1+ Kf5 52. Kf2
Bc5+ 53. Kf3 Nc3 54. g4+ Kf6 55. Ra1 b5 56. a3 Kg5 57. h4+ Kg6 58. Rc1 Bd4 59.
Re1 Kf7 60. g5 Bg7 61. Kg4 Bf8 62. h5 Nd5 63. Re5 Nc7 64. Rf5+ Kg8 65. h6 Bxa3
66. g6 Ne6 67. Rxb5 Bf8 68. Rb8 Kh8 69. g7+ Kg8 70. gxf8=Q+ Nxf8 71. h7+ Kg7
72. Rxf8 Kxh7 73. Kg5 Kg7 1-0

[Event "European Youth Chess Championship B14"]
[Site "Prague, Top Hotel Prague"]
[Date "2016.08.27"]
[Round "9.21"]
[White "Yeritsyan, Aram"]
[Black "Travadon, Loic"]
[Result "1-0"]
[WhiteElo "2091"]
[BlackElo "2258"]
[PlyCount "105"]
[EventDate "2016.08.18"]

1. e4 c5 2. Nf3 Nc6 3. d4 cxd4 4. Nxd4 g6 5. c4 Bg7 6. Be3 Nf6 7. Nc3 O-O 8.
Be2 b6 9. O-O Bb7 10. f3 Qb8 11. Qd2 Rd8 12. Rfd1 d6 13. Nd5 Rd7 14. Rac1 e6
15. Nc3 Qf8 16. Nxc6 Bxc6 17. Bd4 Bh6 18. Be3 Bg7 19. Bf1 Rad8 20. Qf2 Ba8 21.
Bd4 Ne8 22. a4 Bxd4 23. Qxd4 Qg7 24. g3 Nc7 25. Rd2 Qxd4+ 26. Rxd4 d5 27. cxd5
exd5 28. Bh3 Ne6 29. Rxd5 Bxd5 30. exd5 Rxd5 31. Nxd5 Rxd5 32. Bxe6 fxe6 33.
Rc8+ Kg7 34. Rc7+ Kf6 35. Rxa7 Rd1+ 36. Kg2 Rd2+ 37. Kh3 Rxb2 38. Rxh7 Rb3 39.
Rb7 Rb4 40. g4 Ke5 41. Kg3 Rxa4 42. Rxb6 Kf6 43. h4 Ra5 44. Rb7 Ra8 45. g5+ Ke5
46. Rg7 Kf5 47. Rf7+ Ke5 48. Rf6 Rg8 49. Kg4 Kd6 50. Rf7 Ke5 51. Rd7 Rf8 52.
Rg7 Rd8 53. f4+ 1-0

[Event "European Youth Chess Championship B14"]
[Site "Prague, Top Hotel Prague"]
[Date "2016.08.27"]
[Round "9.22"]
[White "Kalabukhov, Bogdan"]
[Black "Petriashvili, Nikoloz"]
[Result "0-1"]
[WhiteElo "2090"]
[BlackElo "2198"]
[PlyCount "74"]
[EventDate "2016.08.18"]

1. d4 Nf6 2. c4 g6 3. f3 c5 4. d5 b5 5. cxb5 a6 6. e4 d6 7. Nc3 Bg7 8. Be3 O-O
9. Qd2 Qa5 10. bxa6 Bxa6 11. Bxa6 Nxa6 12. Nge2 Rfb8 13. O-O Nd7 14. f4 Qb4 15.
Rab1 Nc7 16. Qc2 Nb5 17. Nxb5 Rxb5 18. b3 Nf6 19. Nc3 Ng4 20. Nxb5 Nxe3 21. Qe2
Nxf1 22. a3 Qd2 23. Kxf1 Qxf4+ 24. Kg1 Rf8 25. Na7 Bd4+ 26. Kh1 f5 27. Rf1 Qxe4
28. Qxe4 fxe4 29. Rxf8+ Kxf8 30. Nc6 e6 31. a4 exd5 32. a5 Be3 33. a6 c4 34. a7
Bxa7 35. Nxa7 c3 36. Nb5 c2 37. Nd4 c1=Q# 0-1

[Event "European Youth Chess Championship B14"]
[Site "Prague, Top Hotel Prague"]
[Date "2016.08.27"]
[Round "9.23"]
[White "Pavlov, Danila"]
[Black "Pribelszky, Bence"]
[Result "1-0"]
[WhiteElo "2077"]
[BlackElo "2161"]
[PlyCount "71"]
[EventDate "2016.08.18"]

1. e4 c5 2. Nf3 e6 3. d4 cxd4 4. Nxd4 Nc6 5. Nc3 Qc7 6. g3 a6 7. Bg2 Nf6 8. O-O
Be7 9. Be3 O-O 10. f4 d6 11. Nb3 Rb8 12. g4 Re8 13. g5 Nd7 14. Rf3 b5 15. a3
Nf8 16. Rh3 a5 17. Qh5 b4 18. axb4 axb4 19. Ne2 Bd8 20. Rf1 Na5 21. Nxa5 Qxa5
22. Nd4 Bb6 23. Rg3 Qa7 24. c3 bxc3 25. bxc3 e5 26. fxe5 dxe5 27. Nc2 Ng6 28.
Bxb6 Rxb6 29. Kh1 Nf4 30. Qf3 Be6 31. Ne3 Rd8 32. Nf5 Rb2 33. Nd4 exd4 34. Qxf4
d3 35. Bf3 Rf2 36. Rfg1 1-0